Horror Movie Franchises #35: Frankenstein - Statistics

General Stats
  • This quiz has been taken 15 times
  • The average score is 4 of 7
Answer Stats
Movie % Correct
Frankenstein
100%
The Bride of Frankenstein
100%
Son of Frankenstein
69%
Frankenstein Meets the Wolf Man
38%
House of Frankenstein
31%
The Ghost of Frankenstein
23%
House of Dracula
15%
No matching quizzes found
Score Distribution
Percent of People with Each Score
Percentile by Number Answered
Your Score History
You have not taken this quiz